000
00302nam a22001097a 4500
041
_a
ENG
245
_a
Guidelines For Declaration Power And Specific Fuel Consumption And labelling Of Agricultural Tractors
260
_a
New Delhi
_b
BIS
_c
1988
300
_a
02
650
_a
BIS Code
856
_u
BIS Code
999
_c
2073
_d
2073